Vista normal
Vista MARC
Entrada Personal Name
Número de registros utilizados en: 1
001 - CONTROL NUMBER
- control field: 9727
003 - CONTROL NUMBER IDENTIFIER
- control field: DLC
005 - DATE AND TIME OF LATEST TRANSACTION
- control field: 20190806140022.0
008 - FIXED-LENGTH DATA ELEMENTS
- fixed length control field: 800418n| azannaabn b aaa
010 ## - LIBRARY OF CONGRESS CONTROL NUMBER
- LC control number: n 50016209
035 ## - SYSTEM CONTROL NUMBER
- System control number: (OCoLC)oca00051667
040 ## - CATALOGING SOURCE
- Original cataloging agency: DLC
- Language of cataloging: spa
- Description conventions: rda
- Transcribing agency: Mx-PuUPA
- Modifying agency: OCoLC
- Modifying agency: InU
- Modifying agency: DLC
- Modifying agency: Mx-PuUPA
046 ## - SPECIAL CODED DATES
- Birth date: 1894-11-26
- Death date: 1964-03-18
- Source of date scheme: edtf
100 1# - HEADING--PERSONAL NAME
- Personal name: Wiener, Norbert,
- Dates associated with a name: 1894-1964
370 ## - ASSOCIATED PLACE
- Place of birth: Columbia (Mo.)
- Place of death: Stockholm (Sweden)
- Source of term: naf
372 ## - FIELD OF ACTIVITY
- Field of activity: Cybernetics
- Source of term: lcsh
373 ## - ASSOCIATED GROUP
- Associated group: Universidad Harvard
- Associated group: Trinity College
374 ## - OCCUPATION
- Occupation: Autor
- Occupation: Matemático
- Occupation: Profesor universitario
- Occupation: Psicólogo
- Occupation: Informático teórico
375 ## - GENDER
- Gender: hombre
377 ## - ASSOCIATED LANGUAGE
- Language code: eng
400 1# - SEE FROM TRACING--PERSONAL NAME
- Personal name: Vineris, N.
- Fuller form of name: (Norbert),
- Dates associated with a name: 1894-1964
400 1# - SEE FROM TRACING--PERSONAL NAME
- Personal name: Viner, Norbert,
- Dates associated with a name: 1894-1964
400 1# - SEE FROM TRACING--PERSONAL NAME
- Personal name: וינר, נרוברט
670 ## - SOURCE DATA FOUND
- Source citation: Bush, V. Operational circuit, 1929.
670 ## - SOURCE DATA FOUND
- Source citation: Norbert Wiener--a life in cybernetics, 2018:
- Information found: CIP t.p. (Norbert Wiener) galley (b. Columbia, Missouri, Nov. 26, 1894)
670 ## - SOURCE DATA FOUND
- Source citation: Britannica online, Sept. 8, 2017
- Information found: (Norbert Wiener; American mathematician; born Nov. 26, 1894, Columbia, Mo., U.S.; died March 18, 1964, Stockholm, Swed.; American mathematician who established the science of cybernetics)
670 ## - SOURCE DATA FOUND
- Source citation: Ex prodigio Mi infancia y juventud, 1982
- Information found: portada ( Norbert Wiener)
670 ## - SOURCE DATA FOUND
- Source citation: Biblioteca del congreso (Estados Unidos), 06 agosto 2019:
- Information found: catálogo electrónico
- Uniform Resource Identifier: https://authorities.loc.gov/cgi-bin/Pwebrecon.cgi?AuthRecID=1400526&v1=1&HC=1&SEQ=20190806134435&PID=BPyTWD7YPwL7JA2MkMuXcHqh7OL